| 000 -LEADER |
| fixed length control field |
01083nam a2200277 i 4500 |
| 001 - CONTROL NUMBER |
| control field |
RU\SPSTU\books\181465 |
| 005 - DATE AND TIME OF LATEST TRANSACTION |
| control field |
20221006114606.0 |
| 008 - FIXED-LENGTH DATA ELEMENTS--GENERAL INFORMATION |
| fixed length control field |
041124s1995ru xx y z 000 zyrus u |
| 015 ## - NATIONAL BIBLIOGRAPHY NUMBER |
| National bibliography number |
95-23176 |
| 035 ## - SYSTEM CONTROL NUMBER |
| System control number |
ru95-23176 |
| 040 ## - CATALOGING SOURCE |
| Original cataloging agency |
SPSTU |
| Transcribing agency |
19013582 |
| Modifying agency |
19013582 |
| Description conventions |
psbo |
| -- |
PSBO |
| -- |
PSBO |
| 041 1# - LANGUAGE CODE |
| Language code of text/sound track or separate title |
rus |
| Language code of original |
ger |
| 084 ## - OTHER CLASSIFICATION NUMBER |
| Number source |
rubbk |
| Classification number |
67.919 Г-22 |
| 100 1# - MAIN ENTRY--PERSONAL NAME |
| Personal name |
Гассер Х.-П. |
| Fuller form of name |
Ханс-Петер |
| 9 (RLIN) |
350 |
| 245 1# - TITLE STATEMENT |
| Title |
Международное гуманитарное право |
| Remainder of title |
введение / |
| Statement of responsibility, etc. |
Х.-П. Гассер |
| 260 ## - PUBLICATION, DISTRIBUTION, ETC. |
| Place of publication, distribution, etc. |
Москва |
| Name of publisher, distributor, etc. |
Междунар. ком. Красного Креста |
| Date of publication, distribution, etc. |
1995 |
| 300 ## - PHYSICAL DESCRIPTION |
| Extent |
125 с. |
| 500 ## - GENERAL NOTE |
| General note |
Доп. тит. л. на нем. яз. |
| 504 ## - BIBLIOGRAPHY, ETC. NOTE |
| Bibliography, etc. note |
Библиогр. в примеч. |
| 653 ## - INDEX TERM--UNCONTROLLED |
| keyword |
სამართალი |
| 653 ## - INDEX TERM--UNCONTROLLED |
| keyword |
საერთაშორისო სამართალი |
| 653 ## - INDEX TERM--UNCONTROLLED |
| keyword |
ჰუმანიტარული სამართალი |
| 942 ## - ADDED ENTRY ELEMENTS (KOHA) |
| Source of classification or shelving scheme |
|
| Koha item type |
წიგნი |